[Event "Kasseler Schachtage Gruppe B"]
[Site "Vellmar"]
[Date "2009.07.31"]
[Round "2.13"]
[White "Krause, Jörg"]
[Black "Kaierle, Dieter"]
[Result "0-1"]
[WhiteElo "1081"]
[BlackElo "1394"]
[PlyCount "62"]
[EventDate "2009.??.??"]
[EventCountry "GER"]
[WhiteTeam "Mündener SC von 1925"]
[BlackTeam "SC Fuldatal"]

1. d4 d5 2. e4 dxe4 3. Nc3 Nf6 4. f3 exf3 5. Nxf3 e6 6. Bc4 h6 7. Ne5 a6 8. a4
Bb4 9. O-O O-O 10. Bxh6 gxh6 11. Ne4 Nxe4 12. Qg4+ Qg5 13. Qxe4 Bd2 14. Ng4 Nd7
15. Bxe6 fxe6 16. Qxe6+ Kh7 17. Rxf8 Nxf8 18. Qf7+ Qg7 19. Nf6+ Kh8 20. Qxg7+
Kxg7 21. Nd5 Ne6 22. Rd1 Bg5 23. g3 h5 24. h4 Bh6 25. c4 Bd7 26. a5 Rf8 27. Kg2
Ba4 28. Rd3 Bc2 29. Rc3 Be4+ 30. Kh3 c6 31. Nb4 Nxd4 0-1

[Event "Kasseler Schachtage Gruppe B"]
[Site "Vellmar"]
[Date "2009.07.31"]
[Round "2.15"]
[White "Breiter, Jürgen"]
[Black "Schützler, Bernd"]
[Result "1/2-1/2"]
[WhiteElo "1353"]
[BlackElo "1081"]
[PlyCount "100"]
[EventDate "2009.??.??"]
[EventCountry "GER"]
[WhiteTeam "Kasseler SK 1876"]
[BlackTeam "SVg Calenberg"]

1. Nf3 Nc6 2. d4 d5 3. e3 e6 4. a3 Nf6 5. c4 Be7 6. Nc3 O-O 7. c5 b6 8. b4 bxc5
9. dxc5 a6 10. Be2 e5 11. O-O e4 12. Nd4 Nxd4 13. exd4 Bb7 14. Be3 a5 15. b5 c6
16. b6 Qd7 17. a4 Ba6 18. Bxa6 Rxa6 19. h3 Ne8 20. Rb1 Qb7 21. Ne2 f5 22. Qd2
g6 23. Bg5 Bf6 24. Bxf6 Rxf6 25. Qf4 Re6 26. Qd2 Ng7 27. Nc1 Re8 28. Nb3 Rea8
29. Qf4 Rc8 30. Rfe1 Ne6 31. Qd2 Rca8 32. f3 Nd8 33. fxe4 fxe4 34. Qf4 Qf7 35.
Qxf7+ Kxf7 36. Rf1+ Kg7 37. Rbe1 Nb7 38. Re2 Rf8 39. Rxf8 Kxf8 40. Kf2 Ra8 41.
Ke3 Kg7 42. g4 Rf8 43. Rf2 Rxf2 44. Kxf2 h5 45. g5 Kf7 46. h4 Ke6 47. Kg3 Kf5
48. Nc1 Nd8 49. Ne2 Nb7 50. Nc3 Nd8 1/2-1/2

[Event "Kasseler Schachtage Gruppe B"]
[Site "Vellmar"]
[Date "2009.07.31"]
[Round "2.16"]
[White "Kretzschmar, Arnd"]
[Black "Kartseva, Nataly"]
[Result "0-1"]
[WhiteElo "1316"]
[BlackElo "1348"]
[PlyCount "89"]
[EventDate "2009.??.??"]
[EventCountry "GER"]
[WhiteTeam "SG Döllnitz"]
[BlackTeam "Schachfreunde Brackel 1930 e.V."]

1. e4 d5 2. exd5 Nf6 3. Nc3 Nxd5 4. Nxd5 Qxd5 5. Nf3 Bg4 6. Be2 e5 7. h3 Bh5 8.
d3 Bc5 9. Be3 Nc6 10. Bxc5 Qxc5 11. O-O O-O-O 12. Ng5 Bg6 13. Bh5 Qe7 14. Qg4+
Kb8 15. Bxg6 hxg6 16. Rfe1 Nd4 17. Rac1 Rh5 18. h4 a6 19. f4 f6 20. Nh3 Qf7 21.
fxe5 fxe5 22. Ng5 Qd5 23. c4 Qd7 24. Qxd7 Rxd7 25. Rxe5 Rxh4 26. Re8+ Ka7 27.
Rce1 Nc2 28. R1e7 Rhd4 29. Rxd7 Rxd7 30. Re2 Nb4 31. a3 Nxd3 32. Rd2 Rd6 33. b4
b5 34. cxb5 axb5 35. Nf7 Rd5 36. Nh8 g5 37. Nf7 g4 38. Kh2 c6 39. Kg3 Ne1 40.
Rxd5 cxd5 41. Kf2 Nc2 42. Nd6 Kb6 43. Nf5 Nxa3 44. Nxg7 Nc4 45. Nf5 0-1

[Event "Kasseler Schachtage Gruppe B"]
[Site "Vellmar"]
[Date "2009.07.31"]
[Round "3.1"]
[White "Wagner, Andreas"]
[Black "Naujocks, Christian"]
[Result "1-0"]
[WhiteElo "1781"]
[BlackElo "1560"]
[PlyCount "79"]
[EventDate "2009.??.??"]
[EventCountry "GER"]
[WhiteTeam "SK 1950 Vellmar"]
[BlackTeam "Sfr. Korbach"]

1. d4 Nf6 2. c4 g6 3. Nc3 Bg7 4. e4 d6 5. Nf3 O-O 6. Be2 e5 7. O-O exd4 8. Nxd4
Re8 9. f3 a6 10. Bg5 c6 11. Qd2 b5 12. a3 Qb6 13. Be3 c5 14. Nc2 bxc4 15. Bxc4
Nbd7 16. b4 Qc7 17. bxc5 Nxc5 18. Rac1 Be6 19. Nd5 Nxd5 20. Bxd5 Rab8 21. Nb4
Rb6 22. Nd3 Rb5 23. a4 Ra5 24. Bxe6 fxe6 25. Qa2 Qd7 26. Nxc5 dxc5 27. Rc4 Qd3
28. Re1 Rb8 29. Rxc5 Rxc5 30. Qxe6+ Kh8 31. Bxc5 Qc3 32. Bf2 Bd4 33. Bxd4+
Qxd4+ 34. Kh1 Qc3 35. Rd1 Qd4 36. Rc1 Qxa4 37. Qe5+ Kg8 38. Qxb8+ Kg7 39. Rc7+
Kh6 40. Qf8+ 1-0

[Event "Kasseler Schachtage Gruppe B"]
[Site "Vellmar"]
[Date "2009.07.31"]
[Round "3.2"]
[White "Shkolnyk, Anastasiya"]
[Black "Pichl, Uwe-Rolf"]
[Result "1-0"]
[WhiteElo "1491"]
[BlackElo "1770"]
[PlyCount "79"]
[EventDate "2009.??.??"]
[EventCountry "GER"]
[WhiteTeam "Sfr. Korbach"]
[BlackTeam "Kasseler SK 1876"]

1. e4 d5 2. exd5 Qxd5 3. Nc3 Qd8 4. Bc4 e6 5. Nf3 Nf6 6. O-O Be7 7. d4 O-O 8.
Bf4 Nd5 9. Nxd5 exd5 10. Bd3 Bg4 11. Re1 Bf6 12. c3 g6 13. h3 Bxf3 14. Qxf3 Bg7
15. Qg3 c6 16. h4 Nd7 17. h5 Nf6 18. h6 Bh8 19. Be5 Nh5 20. Qh2 Qg5 21. Bxh8
Kxh8 22. Re5 f5 23. Rae1 Qxh6 24. Re7 Qf4 25. Rxb7 Rab8 26. Ree7 Rxb7 27. Rxb7
Qc1+ 28. Bf1 f4 29. Qh4 Re8 30. Qh3 Nf6 31. Qh6 Rg8 32. g4 Qe1 33. g5 Qxf2+ 34.
Kxf2 Ng4+ 35. Kf3 Nxh6 36. gxh6 g5 37. Rc7 Re8 38. Bd3 Re3+ 39. Kg4 Kg8 40.
Bxh7+ 1-0

[Event "Kasseler Schachtage Gruppe B"]
[Site "Vellmar"]
[Date "2009.07.31"]
[Round "3.3"]
[White "Kaiser, Joachim"]
[Black "Niemeyer, Norbert"]
[Result "1-0"]
[WhiteElo "1675"]
[BlackElo "1556"]
[PlyCount "47"]
[EventDate "2009.??.??"]
[EventCountry "GER"]
[WhiteTeam "SAbt FSK Lohfelden"]
[BlackTeam "Mündener SC von 1925"]

1. e4 Nf6 2. e5 Nd5 3. d4 d6 4. c4 Nb6 5. Nf3 Bg4 6. exd6 exd6 7. h3 Bh5 8. Nc3
Be7 9. Bd3 Nc6 10. g4 Bg6 11. Be3 Nb4 12. Bxg6 hxg6 13. a3 Nc6 14. Qd3 Qd7 15.
O-O-O O-O-O 16. d5 Ne5 17. Nxe5 dxe5 18. c5 Na8 19. c6 Qe8 20. Bxa7 Nb6 21. a4
Bg5+ 22. Kb1 e4 23. Qb5 bxc6 24. dxc6 1-0

[Event "Kasseler Schachtage Gruppe B"]
[Site "Vellmar"]
[Date "2009.07.31"]
[Round "3.4"]
[White "Rehbein, Ullrich"]
[Black "Heckmann, Torsten"]
[Result "0-1"]
[WhiteElo "1724"]
[BlackElo "1668"]
[PlyCount "50"]
[EventDate "2009.??.??"]
[EventCountry "GER"]
[WhiteTeam "SK 1950 Vellmar"]
[BlackTeam "SV CAISSA e. V. Kassel"]

1. Nf3 Nf6 2. g3 g6 3. Bg2 d5 4. O-O Bg7 5. c4 d4 6. d3 O-O 7. b4 Re8 8. e3
dxe3 9. fxe3 c6 10. d4 Qb6 11. Qe1 Bf5 12. Ne5 Nbd7 13. c5 Qc7 14. Nxd7 Qxd7
15. Bb2 Bd3 16. Nd2 e5 17. dxe5 Nd5 18. Nf3 Bxf1 19. Bxf1 Qg4 20. Bg2 Qxb4 21.
Qc1 Qg4 22. Rb1 Re7 23. h3 Qxg3 24. e6 Bxb2 25. Qxb2 Nxe3 0-1

[Event "Kasseler Schachtage Gruppe B"]
[Site "Vellmar"]
[Date "2009.07.31"]
[Round "3.5"]
[White "Kaierle, Dieter"]
[Black "Alefs, Willi"]
[Result "0-1"]
[WhiteElo "1394"]
[BlackElo "1681"]
[PlyCount "72"]
[EventDate "2009.??.??"]
[EventCountry "GER"]
[WhiteTeam "SC Fuldatal"]
[BlackTeam "SC Fuldatal"]

1. e4 b6 2. d4 Bb7 3. Bd3 e6 4. Nf3 Ne7 5. O-O Ng6 6. c4 Be7 7. Nc3 c6 8. b3
Qc7 9. Re1 d6 10. a3 Nd7 11. Ng5 Bf6 12. Bc2 c5 13. Nb5 Qb8 14. Nf3 a6 15. Nc3
O-O 16. Ra2 Qc7 17. Ne2 Rad8 18. Be3 Be7 19. d5 Nde5 20. Ng5 h6 21. Nh3 exd5
22. exd5 Bc8 23. Nhf4 Qd7 24. Qb1 Nh4 25. Kh1 g5 26. Nh5 Qg4 27. Neg3 f5 28. f4
gxf4 29. Bxf4 Kh7 30. Bxe5 dxe5 31. Rxe5 Bd6 32. Re2 Kh8 33. h3 Qg5 34. Bd1
Bxg3 35. Red2 Rde8 36. Rd3 Re1# 0-1

[Event "Kasseler Schachtage Gruppe B"]
[Site "Vellmar"]
[Date "2009.07.31"]
[Round "3.6"]
[White "Käding, Wolfgang"]
[Black "Engel, Markus"]
[Result "1-0"]
[WhiteElo "1613"]
[BlackElo "1390"]
[PlyCount "61"]
[EventDate "2009.??.??"]
[EventCountry "GER"]
[WhiteTeam "Sfr. Korbach"]
[BlackTeam "Kasseler SK 1876"]

1. e4 d5 2. exd5 Qxd5 3. Nc3 Qa5 4. d4 c6 5. Nf3 Nf6 6. Bd2 Bg4 7. Be2 Nbd7 8.
h3 Bxf3 9. Bxf3 Qc7 10. O-O e6 11. Re1 Bd6 12. d5 cxd5 13. Nxd5 Nxd5 14. Bxd5
O-O 15. Be4 Nf6 16. Bc3 e5 17. Qf3 Nxe4 18. Rxe4 f5 19. Ree1 e4 20. Qe2 Rae8
21. Rad1 f4 22. Qh5 Re6 23. Qd5 Qf7 24. Rxe4 Rxe4 25. Qxe4 Re8 26. Qf3 Bb8 27.
Qg4 g6 28. Rd7 Re7 29. Rxe7 Qxe7 30. Qc8+ Qf8 31. Qxb7 1-0

[Event "Kasseler Schachtage Gruppe B"]
[Site "Vellmar"]
[Date "2009.07.31"]
[Round "3.7"]
[White "Kowohl, Ewald"]
[Black "Schippa, Robert"]
[Result "0-1"]
[WhiteElo "1178"]
[BlackElo "1594"]
[PlyCount "82"]
[EventDate "2009.??.??"]
[EventCountry "GER"]
[WhiteTeam "SK 1947 Sulzfeld"]
[BlackTeam "SV Bückeburg"]

1. d4 Nf6 2. c4 g6 3. Nc3 Bg7 4. e4 d6 5. Nf3 O-O 6. Be2 e5 7. dxe5 dxe5 8. Qc2
Nc6 9. O-O Nd4 10. Nxd4 exd4 11. Rd1 c5 12. Bg5 Qe8 13. Nd5 Nxd5 14. exd5 Qe5
15. Bh4 f5 16. Re1 Qd6 17. Bd3 Bf6 18. Bxf6 Qxf6 19. Re2 f4 20. f3 Bd7 21. Rae1
Rae8 22. Be4 b5 23. b3 bxc4 24. Qxc4 Qd6 25. a4 Rb8 26. Rc2 Rfc8 27. Rb1 Rb4
28. Qf1 Qb6 29. Ra2 Rxb3 30. Rba1 c4 31. Rc2 d3+ 32. Rf2 Rb2 33. d6 Qd4 34.
Bd5+ Kg7 35. Re1 Re8 36. Re7+ Rxe7 37. dxe7 d2 38. Qd1 Rb1 39. Qxb1 d1=Q+ 40.
Qxd1 Qxd1+ 41. Rf1 Qxd5 0-1

[Event "Kasseler Schachtage Gruppe B"]
[Site "Vellmar"]
[Date "2009.07.31"]
[Round "3.9"]
[White "Smirnov, Alexej"]
[Black "Gibhardt, Peter"]
[Result "1-0"]
[WhiteElo "1334"]
[BlackElo "1487"]
[PlyCount "51"]
[EventDate "2009.??.??"]
[EventCountry "GER"]
[WhiteTeam "SV Bückeburg"]
[BlackTeam "SK Baunatal 1963"]

1. e4 c5 2. Nf3 e6 3. d4 cxd4 4. Nxd4 Bc5 5. Nb3 Bb6 6. Qg4 g6 7. Nc3 Nf6 8.
Qf3 Nc6 9. Bg5 Bd4 10. Nxd4 Nxd4 11. Qxf6 Qxf6 12. Bxf6 Nxc2+ 13. Kd2 Nxa1 14.
Bxh8 d5 15. Kc1 Bd7 16. Kb1 O-O-O 17. Bf6 Re8 18. Bb5 d4 19. Bxd7+ Kxd7 20.
Bxd4 Nb3 21. axb3 b6 22. Rd1 Kc6 23. Bf6 e5 24. Nd5 Re6 25. Rc1+ Kd6 26. Be7+
1-0

[Event "Kasseler Schachtage Gruppe B"]
[Site "Vellmar"]
[Date "2009.07.31"]
[Round "3.10"]
[White "Benedikt, Alexander"]
[Black "Rempe, Moritz"]
[Result "1/2-1/2"]
[WhiteElo "1464"]
[BlackElo "1330"]
[PlyCount "92"]
[EventDate "2009.??.??"]
[EventCountry "GER"]
[WhiteTeam "SK 1950 Vellmar"]
[BlackTeam "LSV/ Turm Lippstadt 96"]

1. e4 e6 2. d4 d5 3. exd5 exd5 4. Nf3 Bd6 5. Nc3 c6 6. Bd3 Ne7 7. Be3 Bf5 8.
Bxf5 Nxf5 9. Qd3 Ne7 10. O-O O-O 11. Rfe1 Nd7 12. Re2 Ng6 13. Rae1 Qc7 14. Bg5
h6 15. Bd2 b5 16. a3 Nb6 17. g3 Nc4 18. Nd1 Qd7 19. Bb4 Bxb4 20. axb4 Rfe8 21.
b3 Nd6 22. Ne5 Nxe5 23. dxe5 Nb7 24. c4 a6 25. Nc3 Rad8 26. Ra1 Ra8 27. cxd5
cxd5 28. Qxd5 Qxd5 29. Nxd5 Red8 30. Nc7 Rac8 31. Nxa6 Ra8 32. Rea2 Rd5 33. f4
Rd3 34. Ra3 Rc8 35. Nc5 Nxc5 36. bxc5 Rxc5 37. b4 Rxa3 38. Rxa3 Rc1+ 39. Kg2
Rb1 40. Ra8+ Kh7 41. Ra7 Kg6 42. Ra6+ Kh7 43. f5 Rxb4 44. Ra7 Kg8 45. Rb7 Rb2+
46. Kh3 b4 1/2-1/2

[Event "Kasseler Schachtage Gruppe B"]
[Site "Vellmar"]
[Date "2009.07.31"]
[Round "3.11"]
[White "Kleist, Sören"]
[Black "Powalla, Christian"]
[Result "*"]
[WhiteElo "1328"]
[BlackElo "1455"]
[PlyCount "64"]
[EventDate "2009.??.??"]
[EventCountry "GER"]
[WhiteTeam "SV Bückeburg"]
[BlackTeam "SV CAISSA e. V. Kassel"]

1. e4 g6 2. d4 Bg7 3. Nf3 d6 4. Bc4 Nd7 5. O-O e6 6. Bf4 Ne7 7. Nc3 a6 8. Re1
O-O 9. Qd2 b5 10. Bb3 Bb7 11. a3 Kh8 12. Bh6 c6 13. Qf4 Rc8 14. Bxg7+ Kxg7 15.
e5 d5 16. Ng5 Nf5 17. Ne2 h6 18. Nf3 c5 19. c3 g5 20. Qg4 f6 21. Ng3 Nxg3 22.
hxg3 f5 23. Qh5 cxd4 24. Nxd4 Qe7 25. f4 g4 26. Kf2 Bc6 27. Bc2 a5 28. Bxf5
exf5 29. Nxf5+ Rxf5 30. Qxf5 Rf8 31. Qxg4+ Kh7 32. Kg1 Nc5 *

[Event "Kasseler Schachtage Gruppe B"]
[Site "Vellmar"]
[Date "2009.07.31"]
[Round "3.12"]
[White "Kartseva, Nataly"]
[Black "Breiter, Jürgen"]
[Result "1/2-1/2"]
[WhiteElo "1348"]
[BlackElo "1353"]
[PlyCount "47"]
[EventDate "2009.??.??"]
[EventCountry "GER"]
[WhiteTeam "Schachfreunde Brackel 1930 e.V."]
[BlackTeam "Kasseler SK 1876"]

1. d4 d5 2. Nf3 Nf6 3. Bg5 Nbd7 4. e3 e6 5. c4 c6 6. Nc3 Be7 7. Bd3 O-O 8. O-O
a6 9. Rc1 dxc4 10. Bxc4 Ne8 11. Ne4 Bxg5 12. Nfxg5 h6 13. Nxf7 Kxf7 14. Qh5+
Kg8 15. Bxe6+ Kh8 16. Bc4 Ndf6 17. Qc5 Nc7 18. Nd6 Ne6 19. Bxe6 Bxe6 20. Nxb7
Qd5 21. Qxd5 Bxd5 22. b3 a5 23. Nc5 Rfe8 24. Na4 1/2-1/2

[Event "Kasseler Schachtage Gruppe B"]
[Site "Vellmar"]
[Date "2009.07.31"]
[Round "3.13"]
[White "Schützler, Bernd"]
[Black "Kirsch, Winfried"]
[Result "0-1"]
[WhiteElo "1081"]
[BlackElo "1514"]
[PlyCount "110"]
[EventDate "2009.??.??"]
[EventCountry "GER"]
[WhiteTeam "SVg Calenberg"]
[BlackTeam "Mündener SC von 1925"]

1. e4 e5 2. Nf3 Nf6 3. Nxe5 Qe7 4. d4 d6 5. Nf3 Qxe4+ 6. Qe2 Be7 7. Qxe4 Nxe4
8. Bd3 Nf6 9. O-O O-O 10. Re1 Re8 11. Bg5 Nbd7 12. h3 h6 13. Bh4 g5 14. Bg3 Nh5
15. Bh2 Ndf6 16. Nbd2 Bd7 17. a3 g4 18. hxg4 Nxg4 19. c4 Nxh2 20. Kxh2 Bf6 21.
g3 Ng7 22. Rab1 b6 23. d5 Bf5 24. Bxf5 Nxf5 25. Ne4 Bg7 26. g4 Nd4 27. Nxd4
Bxd4 28. b3 Rf8 29. Rbd1 Be5+ 30. Kg2 f5 31. gxf5 Rxf5 32. Rh1 Kh7 33. Rdg1
Rg8+ 34. Kf1 Rxg1+ 35. Kxg1 a5 36. a4 Kg6 37. Kf1 Rf3 38. Rg1+ Kf7 39. Nd2 Rh3
40. Kg2 Rd3 41. Nf3 Rxb3 42. Nxe5+ dxe5 43. Re1 Kf6 44. Rd1 Ke7 45. Re1 Kd6 46.
Rh1 Kc5 47. Rxh6 Kxc4 48. d6 cxd6 49. Rxd6 Kc5 50. Re6 Kd5 51. Rh6 Rb4 52. Rh5
Rxa4 53. Kg3 Rb4 54. Rf5 a4 55. f4 Rxf4 0-1

[Event "Kasseler Schachtage Gruppe B"]
[Site "Vellmar"]
[Date "2009.07.31"]
[Round "3.14"]
[White "Meiss, Sven"]
[Black "Weindel, Joshua"]
[Result "1/2-1/2"]
[WhiteElo "1372"]
[BlackElo "1194"]
[PlyCount "30"]
[EventDate "2009.??.??"]
[EventCountry "GER"]
[WhiteTeam "Ahnataler SC 1969 e.V. (ASC69)"]
[BlackTeam "SK Landau"]

1. e4 c5 2. Bc4 Nc6 3. Nf3 e5 4. d3 g6 5. a3 Qc7 6. Nc3 d6 7. Nd5 Qd7 8. Bg5
Bg7 9. O-O h6 10. Bh4 Nge7 11. Bf6 O-O 12. Bh4 Nxd5 13. Bxd5 Ne7 14. Bb3 g5 15.
Bg3 Ng6 1/2-1/2

[Event "Kasseler Schachtage Gruppe B"]
[Site "Vellmar"]
[Date "2009.07.31"]
[Round "3.15"]
[White "Karnbach, Oliver"]
[Black "Kretzschmar, Arnd"]
[Result "1/2-1/2"]
[WhiteElo "1213"]
[BlackElo "1316"]
[PlyCount "94"]
[EventDate "2009.??.??"]
[EventCountry "GER"]
[WhiteTeam "SV Bückeburg"]
[BlackTeam "SG Döllnitz"]

1. d4 Nf6 2. Nf3 e6 3. e3 c5 4. c3 Nc6 5. Bd3 d5 6. O-O c4 7. Bc2 Bd6 8. Nbd2
e5 9. e4 dxe4 10. Nxe4 Nxe4 11. Bxe4 exd4 12. Bxc6+ bxc6 13. Re1+ Be6 14. Nxd4
Qd7 15. Qe2 O-O 16. Nxe6 fxe6 17. Qxe6+ Qxe6 18. Rxe6 Bc5 19. Be3 Bxe3 20. Rxe3
Rad8 21. Kf1 Rd2 22. Re2 Rfd8 23. Rxd2 Rxd2 24. b3 cxb3 25. axb3 Rb2 26. Ra3 h6
27. b4 Rc2 28. Rxa7 Rxc3 29. Rc7 Rb3 30. Rc8+ Kh7 31. Rxc6 Rxb4 32. Ke2 Rb3 33.
Rd6 Ra3 34. Rd3 Ra5 35. Ke3 Rh5 36. h3 Re5+ 37. Kf4 Re6 38. f3 Kg6 39. Rd4 Kh5
40. Kf5 Rf6+ 41. Ke5 Rg6 42. Rg4 Rxg4 43. hxg4+ Kh4 44. Kf5 Kg3 45. Kg6 Kxg2
46. Kxg7 Kxf3 47. Kxh6 Kxg4 1/2-1/2

[Event "Kasseler Schachtage Gruppe B"]
[Site "Vellmar"]
[Date "2009.07.31"]
[Round "3.16"]
[White "Krause, Jörg"]
[Black "Pohl, Mike"]
[Result "1-0"]
[WhiteElo "1081"]
[BlackElo "1229"]
[PlyCount "57"]
[EventDate "2009.??.??"]
[EventCountry "GER"]
[WhiteTeam "Mündener SC von 1925"]
[BlackTeam "Schachfreunde Battenberg"]

1. e4 e5 2. Nf3 Nc6 3. Bc4 Bc5 4. O-O d6 5. c3 Nf6 6. d4 exd4 7. cxd4 Bb6 8.
Nc3 Bg4 9. Be3 Bxf3 10. gxf3 Na5 11. Qa4+ Qd7 12. Qxd7+ Nxd7 13. Be2 O-O-O 14.
Nd5 Nc6 15. Nxb6+ axb6 16. d5 Nce5 17. f4 Ng6 18. Rac1 Rde8 19. f3 f5 20. Rc4
fxe4 21. fxe4 Nc5 22. e5 dxe5 23. fxe5 Nxe5 24. Rc2 Ned7 25. Bf4 Ne5 26. b4
Ncd7 27. Bb5 Re7 28. d6 Rf7 29. Rxc7+ 1-0

[Event "Kasseler Schachtage Gruppe B"]
[Site "Vellmar"]
[Date "2009.08.01"]
[Round "4.1"]
[White "Kaiser, Joachim"]
[Black "Wagner, Andreas"]
[Result "1-0"]
[WhiteElo "1675"]
[BlackElo "1781"]
[PlyCount "121"]
[EventDate "2009.??.??"]
[EventCountry "GER"]
[WhiteTeam "SAbt FSK Lohfelden"]
[BlackTeam "SK 1950 Vellmar"]

1. e4 c5 2. Nf3 Nc6 3. d4 cxd4 4. Nxd4 Nf6 5. Nc3 d6 6. Bb5 Bd7 7. Be3 a6 8.
Bxc6 bxc6 9. Nb3 a5 10. a4 c5 11. e5 Ng4 12. exd6 Nxe3 13. fxe3 exd6 14. Nd5
Be6 15. Qd3 Rc8 16. Nd2 c4 17. Qe4 Rc5 18. Nf4 Qh4+ 19. g3 Qf6 20. Nxe6 Qxe6
21. Qxe6+ fxe6 22. Nf3 Be7 23. O-O-O c3 24. b3 Rf8 25. Nd4 Kd7 26. Rhf1 e5 27.
Rxf8 Bxf8 28. Nb5 e4 29. Rf1 Ke8 30. Rf4 d5 31. Rf5 Rc6 32. Kd1 Bb4 33. Rxd5
Rh6 34. h4 Rf6 35. Re5+ Kf7 36. Rxe4 Rf1+ 37. Ke2 Rh1 38. Rf4+ Ke7 39. Rf1 Rh2+
40. Rf2 Rh1 41. Nd4 Kd7 42. Nf3 Rc1 43. Ne1 Ke6 44. Rf4 Bd6 45. Rf3 h5 46. e4
g6 47. Rxc3 Bb4 48. Nd3 Bxc3 49. Nxc1 Ke5 50. Kf3 Bd2 51. Ne2 Kf6 52. Nf4 Be1
53. e5+ Kf5 54. c4 g5 55. hxg5 Kxg5 56. Nd3 Bc3 57. c5 Bd4 58. Ke4 Bg1 59. c6
Bb6 60. Nc5 Kg4 61. e6 1-0

[Event "Kasseler Schachtage Gruppe B"]
[Site "Vellmar"]
[Date "2009.08.01"]
[Round "4.2"]
[White "Heckmann, Torsten"]
[Black "Shkolnyk, Anastasiya"]
[Result "1-0"]
[WhiteElo "1668"]
[BlackElo "1491"]
[PlyCount "51"]
[EventDate "2009.??.??"]
[EventCountry "GER"]
[WhiteTeam "SV CAISSA e. V. Kassel"]
[BlackTeam "Sfr. Korbach"]

1. e4 c6 2. d4 d5 3. exd5 cxd5 4. c4 Nf6 5. Nc3 Nc6 6. Bg5 e6 7. Nf3 Be7 8. Bd3
dxc4 9. Bxc4 O-O 10. O-O Qc7 11. Rc1 Rd8 12. Bd3 Qa5 13. Nb5 a6 14. Bd2 Qb6 15.
Nc3 Nxd4 16. Ng5 Qd6 17. Bb1 b6 18. Nce4 Qd5 19. Nxf6+ Bxf6 20. Be4 Ne2+ 21.
Qxe2 Qxd2 22. Qxd2 Rxd2 23. Bxa8 Bxg5 24. Rxc8+ Bd8 25. Bf3 Kf8 26. Rd1 1-0

[Event "Kasseler Schachtage Gruppe B"]
[Site "Vellmar"]
[Date "2009.08.01"]
[Round "4.3"]
[White "Naujocks, Christian"]
[Black "Pichl, Uwe-Rolf"]
[Result "1-0"]
[WhiteElo "1560"]
[BlackElo "1770"]
[PlyCount "67"]
[EventDate "2009.??.??"]
[EventCountry "GER"]
[WhiteTeam "Sfr. Korbach"]
[BlackTeam "Kasseler SK 1876"]

1. e4 e5 2. Nf3 Nf6 3. Nxe5 d6 4. Nf3 Nxe4 5. d4 Be7 6. Bd3 d5 7. c4 Be6 8. Qe2
f5 9. O-O Nc6 10. a3 Qd7 11. Nc3 Nxc3 12. bxc3 O-O 13. Re1 Bf7 14. Bf4 Rae8 15.
Qc2 Bh5 16. Ne5 Nxe5 17. Rxe5 Bg6 18. Rxd5 Qc8 19. Re1 Bxa3 20. Ra1 Bd6 21.
Bxd6 cxd6 22. Rxd6 Rf7 23. c5 Rfe7 24. g3 Re1+ 25. Rxe1 Rxe1+ 26. Kg2 b6 27.
Qa2+ Kh8 28. Qxa7 bxc5 29. dxc5 f4 30. Bxg6 f3+ 31. Kxf3 Qf8+ 32. Qf7 Qa8+ 33.
c6 hxg6 34. Rxg6 1-0

[Event "Kasseler Schachtage Gruppe B"]
[Site "Vellmar"]
[Date "2009.08.01"]
[Round "4.4"]
[White "Alefs, Willi"]
[Black "Smirnov, Alexej"]
[Result "1-0"]
[WhiteElo "1681"]
[BlackElo "1334"]
[PlyCount "57"]
[EventDate "2009.??.??"]
[EventCountry "GER"]
[WhiteTeam "SC Fuldatal"]
[BlackTeam "SV Bückeburg"]

1. c4 e5 2. Nc3 Nc6 3. e3 Nf6 4. b3 Be7 5. Bb2 O-O 6. Nge2 d6 7. d4 exd4 8.
exd4 d5 9. g3 Be6 10. Nf4 Bf5 11. Ncxd5 Nxd5 12. Nxd5 Nb4 13. Ne3 Bg6 14. a3
Nc6 15. d5 Nb8 16. Bg2 Qc8 17. h4 h6 18. O-O Rd8 19. Qf3 Nd7 20. Bh3 Qb8 21.
Rfe1 Bf6 22. Bxf6 Nxf6 23. Nf5 Kh7 24. Ne7 Re8 25. Nxg6 fxg6 26. g4 Rf8 27. Qd3
h5 28. g5 Ng8 29. Re6 1-0

[Event "Kasseler Schachtage Gruppe B"]
[Site "Vellmar"]
[Date "2009.08.01"]
[Round "4.5"]
[White "Niemeyer, Norbert"]
[Black "Käding, Wolfgang"]
[Result "1/2-1/2"]
[WhiteElo "1556"]
[BlackElo "1613"]
[PlyCount "45"]
[EventDate "2009.??.??"]
[EventCountry "GER"]
[WhiteTeam "Mündener SC von 1925"]
[BlackTeam "Sfr. Korbach"]

1. e4 e5 2. Nf3 Nc6 3. Bb5 a6 4. Ba4 Nf6 5. O-O Be7 6. Re1 O-O 7. c3 b5 8. Bc2
d6 9. d4 exd4 10. cxd4 Bg4 11. Be3 Re8 12. Nbd2 Nb4 13. Bb1 c5 14. a3 Nc6 15.
Qc2 cxd4 16. Nxd4 Nxd4 17. Bxd4 Rc8 18. Qd3 Bh5 19. f4 d5 20. e5 Ne4 21. f5
Nxd2 22. Qxd2 Bc5 23. Ba2 1/2-1/2

[Event "Kasseler Schachtage Gruppe B"]
[Site "Vellmar"]
[Date "2009.08.01"]
[Round "4.6"]
[White "Schippa, Robert"]
[Black "Rother, Wilfried"]
[Result "0-1"]
[WhiteElo "1594"]
[BlackElo "1553"]
[PlyCount "36"]
[EventDate "2009.??.??"]
[EventCountry "GER"]
[WhiteTeam "SV Bückeburg"]
[BlackTeam "SK 1950 Vellmar"]

1. d4 d5 2. Nf3 Nf6 3. e3 g6 4. Bd3 Bg7 5. Nbd2 O-O 6. O-O Nbd7 7. c3 b6 8. e4
dxe4 9. Nxe4 Bb7 10. Nxf6+ Nxf6 11. Re1 Nh5 12. Bg5 Nf6 13. a4 Rc8 14. a5 Re8
15. axb6 axb6 16. Ne5 Nd7 17. Nxd7 Qxd7 18. Qb3 Qg4 0-1

[Event "Kasseler Schachtage Gruppe B"]
[Site "Vellmar"]
[Date "2009.08.01"]
[Round "4.7"]
[White "Powalla, Christian"]
[Black "Benedikt, Alexander"]
[Result "*"]
[WhiteElo "1455"]
[BlackElo "1464"]
[PlyCount "50"]
[EventDate "2009.??.??"]
[EventCountry "GER"]
[WhiteTeam "SV CAISSA e. V. Kassel"]
[BlackTeam "SK 1950 Vellmar"]

1. e4 e5 2. d4 exd4 3. c3 Nc6 4. cxd4 d5 5. e5 Bb4+ 6. Bd2 Bxd2+ 7. Qxd2 Qh4 8.
Nf3 Qh6 9. Qxh6 Nxh6 10. Nc3 Be6 11. Bb5 O-O 12. h3 Ne7 13. O-O c6 14. Bd3 Ng6
15. Ne2 f6 16. Bxg6 hxg6 17. Nf4 Bf5 18. Rae1 g5 19. Nh5 Bd3 20. exf6 gxf6 21.
Re7 Bxf1 22. Rg7+ Kh8 23. Kxf1 Rab8 24. g4 Rg8 25. Re7 Rg6 *

[Event "Kasseler Schachtage Gruppe B"]
[Site "Vellmar"]
[Date "2009.08.01"]
[Round "4.8"]
[White "Kirsch, Winfried"]
[Black "Kartseva, Nataly"]
[Result "0-1"]
[WhiteElo "1514"]
[BlackElo "1348"]
[PlyCount "42"]
[EventDate "2009.??.??"]
[EventCountry "GER"]
[WhiteTeam "Mündener SC von 1925"]
[BlackTeam "Schachfreunde Brackel 1930 e.V."]

1. e4 d5 2. exd5 Nf6 3. Bc4 Nxd5 4. Qf3 e6 5. Nh3 Nc6 6. Bxd5 Qxd5 7. Qxd5 exd5
8. O-O Bxh3 9. gxh3 O-O-O 10. c3 Ne5 11. d4 Nd3 12. b3 Nxc1 13. Rxc1 Bd6 14.
Re1 Rhe8 15. Nd2 Kd7 16. a3 Rxe1+ 17. Rxe1 Bxa3 18. b4 Bb2 19. Nb1 Re8 20. Kf1
Rxe1+ 21. Kxe1 Bc1 0-1

[Event "Kasseler Schachtage Gruppe B"]
[Site "Vellmar"]
[Date "2009.08.01"]
[Round "4.9"]
[White "Rempe, Moritz"]
[Black "Kaierle, Dieter"]
[Result "1-0"]
[WhiteElo "1330"]
[BlackElo "1394"]
[PlyCount "77"]
[EventDate "2009.??.??"]
[EventCountry "GER"]
[WhiteTeam "LSV/ Turm Lippstadt 96"]
[BlackTeam "SC Fuldatal"]

1. e4 e5 2. Nf3 Nc6 3. Bc4 Bc5 4. c3 Nf6 5. d4 exd4 6. e5 Qe7 7. cxd4 Bb4+ 8.
Bd2 Bxd2+ 9. Nbxd2 d5 10. Bb5 O-O 11. Bxc6 bxc6 12. O-O Ng4 13. h3 Nh6 14. Qc2
Bd7 15. Nb3 Qb4 16. Rac1 Rab8 17. Qc3 Nf5 18. Qxb4 Rxb4 19. g4 Ne7 20. Nc5 Bc8
21. b3 Ng6 22. a3 Rb6 23. b4 Nf4 24. Kh2 h6 25. Rc2 Re8 26. Kg3 Ne6 27. Nxe6
Rxe6 28. Nd2 Ra6 29. f4 h5 30. f5 Rh6 31. g5 h4+ 32. Kf4 Rh5 33. Re1 Kf8 34.
Re3 f6 35. Nf3 c5 36. Rxc5 c6 37. e6 Ke7 38. Kg4 fxg5 39. Kxh5 1-0